<?xml version="1.0" encoding="UTF-8"?>
<collection xmlns:xsi="http://www.w3.org/2001/XMLSchema-instance" xsi:schemaLocation="http://www.loc.gov/MARC21/slim http://www.loc.gov/standards/marcxml/schema/MARC21slim.xsd" xmlns="http://www.loc.gov/MARC21/slim">
 <record>
  <leader>00000nam a22000004a 4500</leader>
  <controlfield tag="001">UP-8027390931316427771</controlfield>
  <controlfield tag="003">Buklod</controlfield>
  <controlfield tag="005">20260314144225.0</controlfield>
  <controlfield tag="006">a     r     ||| u </controlfield>
  <controlfield tag="007">ta</controlfield>
  <controlfield tag="008">260314s2025    ph      r    |||| u|eng d</controlfield>
  <datafield tag="040" ind1="0" ind2=" ">
   <subfield code="a">DMC</subfield>
   <subfield code="e">rda</subfield>
  </datafield>
  <datafield tag="041" ind1="0" ind2=" ">
   <subfield code="a">eng</subfield>
  </datafield>
  <datafield tag="090" ind1="0" ind2="0">
   <subfield code="a">LG 993.5 2025 M3</subfield>
   <subfield code="b">S83</subfield>
  </datafield>
  <datafield tag="100" ind1="0" ind2=" ">
   <subfield code="a">Suarez, Gian Paulo</subfield>
   <subfield code="e">author</subfield>
  </datafield>
  <datafield tag="245" ind1="0" ind2="0">
   <subfield code="a">Kung saan dumapo ang mga paruparo</subfield>
   <subfield code="c">by Gian Paulo Suarez; Sari Lluch Dalena, adviser.</subfield>
  </datafield>
  <datafield tag="264" ind1=" " ind2="0">
   <subfield code="a">Quezon City</subfield>
   <subfield code="b">University of the Philippines, Diliman</subfield>
   <subfield code="c">2025</subfield>
  </datafield>
  <datafield tag="300" ind1=" " ind2=" ">
   <subfield code="a">ix, 92 leaves</subfield>
   <subfield code="c">28 cm</subfield>
  </datafield>
  <datafield tag="336" ind1=" " ind2=" ">
   <subfield code="a">text</subfield>
   <subfield code="2">rdacontent</subfield>
  </datafield>
  <datafield tag="337" ind1=" " ind2=" ">
   <subfield code="a">unmediated</subfield>
   <subfield code="2">rdamedia</subfield>
  </datafield>
  <datafield tag="338" ind1=" " ind2=" ">
   <subfield code="a">volume</subfield>
   <subfield code="2">rdacarrier</subfield>
  </datafield>
  <datafield tag="502" ind1=" " ind2=" ">
   <subfield code="a">Thesis</subfield>
   <subfield code="b">Bachelor of Arts in Film</subfield>
   <subfield code="c">University of the Philippines, Diliman. College of Mass Communication</subfield>
   <subfield code="d">2025</subfield>
  </datafield>
  <datafield tag="506" ind1="0" ind2=" ">
   <subfield code="a">Available to the general public. </subfield>
  </datafield>
  <datafield tag="520" ind1="0" ind2=" ">
   <subfield code="a">The film follows the story of Jared Buenviaje (not his real name), a 24-year-old closeted gay man, through his story of discovering his SOGIE and being in the closet. Through an anonymous online interview, Jared narrates the story of how his SOGIE developed from elementary to college, and how external factors like religion and homophobia forced him to repress his truth. He also shares his experiences being in the closet, his view on coming out, and his journey to self-acceptance.&#13;
This film utilizes the theories of phenomenology, narratology, and queer theory combining dance, animation, and cinematic techniques to depict the story of a closeted person without forcing them to come out.&#13;
&#13;
Phenomenology is the study of an individual’s experience, narratology guides the storytelling of the film, and queer theory grounds the film’s essence and purpose. By nature, this film is about the lived experiences of a closeted queer person, so combining these theories in creating the moving images and treatment representative of Jared’s experiences give depth to the film’s meaning. Jared’s story is portrayed through incorporating digitally manipulated photos of him from real life with shot footage and dance numbers representing the emotions he felt during specific stages of his life.</subfield>
  </datafield>
  <datafield tag="650" ind1="0" ind2="0">
   <subfield code="a">Gay men</subfield>
   <subfield code="z">Philippines</subfield>
   <subfield code="x">Identity.</subfield>
  </datafield>
  <datafield tag="650" ind1="0" ind2="0">
   <subfield code="a">Sexual minorities</subfield>
   <subfield code="z">Philippines</subfield>
   <subfield code="x">Religious aspects.</subfield>
  </datafield>
  <datafield tag="650" ind1="0" ind2="0">
   <subfield code="a">Kung saan dumapo ang mga paruparo (Short film)</subfield>
  </datafield>
  <datafield tag="700" ind1="0" ind2=" ">
   <subfield code="a">Dalena, Sari Lluch</subfield>
   <subfield code="e">adviser.</subfield>
  </datafield>
  <datafield tag="905" ind1=" " ind2=" ">
   <subfield code="a">FI</subfield>
   <subfield code="a">UP</subfield>
  </datafield>
  <datafield tag="852" ind1="0" ind2=" ">
   <subfield code="a">UPD</subfield>
   <subfield code="b">DMC</subfield>
   <subfield code="h">LG 993.5 2025 M3</subfield>
   <subfield code="i">S83</subfield>
  </datafield>
  <datafield tag="942" ind1=" " ind2=" ">
   <subfield code="a">Thesis</subfield>
  </datafield>
 </record>
</collection>
